| 000 -LEADER |
| fixed length control field |
00463cas a2200169 4500 |
| 022 0# - INTERNATIONAL STANDARD SERIAL NUMBER |
| ISSN |
0163-3384 |
| 040 ## - CATALOGING SOURCE |
| Transcribing agency |
DLC |
| 082 04 - DEWEY DECIMAL CLASSIFICATION NUMBER |
| Classification number |
519 KRI 1983 A118 Or. |
| 245 00 - TITLE STATEMENT |
| Title |
Developments in statistics. |
| 260 ## - PUBLICATION, DISTRIBUTION, ETC. (IMPRINT) |
| Place of publication |
New York, |
| Name of publisher |
Academic Press, |
| Year of publication |
1978-1983. |
| 300 ## - PHYSICAL DESCRIPTION |
| Number of Pages |
4 volumes |
| Dimensions |
24 cm |
| 500 ## - GENERAL NOTE |
| General note |
Editor: v. 1- P.R. Krishnaiah. |
| 650 #0 - SUBJECT ADDED ENTRY--TOPICAL TERM |
| Topical Term |
Mathematical statistics. |
| 650 #7 - SUBJECT ADDED ENTRY--TOPICAL TERM |
| Topical Term |
Mathematical statistics. |
| 700 1# - ADDED ENTRY--PERSONAL NAME |
| Personal name |
Krishnaiah, Paruchuri R. |
| 942 ## - ADDED ENTRY ELEMENTS (KOHA) |
| Koha item type |
ADB |
| 952 ## - LOCATION AND ITEM INFORMATION (KOHA) |
| Withdrawn status [LOCAL, KOHA] |
0 |
| 952 ## - LOCATION AND ITEM INFORMATION (KOHA) |
| Withdrawn status [LOCAL, KOHA] |
0 |
| 952 ## - LOCATION AND ITEM INFORMATION (KOHA) |
| Withdrawn status [LOCAL, KOHA] |
0 |
| 952 ## - LOCATION AND ITEM INFORMATION (KOHA) |
| Withdrawn status [LOCAL, KOHA] |
0 |
| 952 ## - LOCATION AND ITEM INFORMATION (KOHA) |
| Withdrawn status [LOCAL, KOHA] |
0 |
| 952 ## - LOCATION AND ITEM INFORMATION (KOHA) |
| Withdrawn status [LOCAL, KOHA] |
0 |
| 952 ## - LOCATION AND ITEM INFORMATION (KOHA) |
| Withdrawn status [LOCAL, KOHA] |
0 |
| 952 ## - LOCATION AND ITEM INFORMATION (KOHA) |
| Withdrawn status [LOCAL, KOHA] |
0 |